000 00439nam a2200181Ia 4500
003 OSt
005 20230506135402.0
008 210423s2008 xx 000 0 und d
040 _cAL
082 _a574.87322
_223
_bLEWB
100 _aLEWIN (Benjamin).
_999449
245 _aGenes IX.
260 _aBoston
_bJones & Bartlett Publishers
_c2008
300 _axvii,892
365 _b1895
_cINR
906 _aGenes ; IX.
942 _2ddc
_cBK
999 _c163784
_d163784